Epitome de anima / (Record no. 6354)

MARC details
000 -LEADER
campo de control de longitud fija 01151nam a2200349 i 4500
001 - NÚMERO DE CONTROL
campo de control 6354
003 - IDENTIFICADOR DE NÚMERO DE CONTROL
campo de control ES-MaACL
005 - FECHA Y HORA DE LA ÚLTIMA TRANSACCIÓN
campo de control 20230906144907.0
007 - CAMPO FIJO DE DESCRIPCIÓN FÍSICA--INFORMACIÓN GENERAL
campo de control de longitud fija t|
008 - DATOS DE LONGITUD FIJA--INFORMACIÓN GENERAL
campo de control de longitud fija 890926s1985 sp ||||1| ara
020 ## - NÚMERO INTERNACIONAL ESTÁNDAR DEL LIBRO
Número Internacional Estándar del Libro 84-00-05939-5
080 ## - NÚMERO DE LA CLASIFICACIÓN DECIMAL UNIVERSAL
Número de la Clasificación Decimal Universal 128
080 ## - NÚMERO DE LA CLASIFICACIÓN DECIMAL UNIVERSAL
Número de la Clasificación Decimal Universal 1 Averroes
080 ## - NÚMERO DE LA CLASIFICACIÓN DECIMAL UNIVERSAL
Número de la Clasificación Decimal Universal 1 Aristoteles
100 1# - ENTRADA PRINCIPAL--NOMBRE DE PERSONA
Nombre de persona Averroes.
9 (RLIN) 24027
245 10 - MENCIÓN DEL TÍTULO
Título Epitome de anima /
Mención de responsabilidad, etc. edidit Salvator Gomez Nogales.
260 ## - PUBLICACIÓN, DISTRIBUCIÓN, ETC.
Lugar de publicación, distribución, etc. Madrid :
Nombre del editor, distribuidor, etc. Instituto "Miguel Asin" :
-- Instituto Hispano-Arabe de Cultura,
Fecha de publicación, distribución, etc. 1985.
300 ## - DESCRIPCIÓN FÍSICA
Extensión 260 p. ;
Dimensiones 24 cm.
490 1# - MENCIÓN DE SERIE
Mención de serie Averrois opera
490 1# - MENCIÓN DE SERIE
Mención de serie Corpus philosophorum Medii Aevi. A, Series Arabica ;
Designación de volumen o secuencia A 31
500 ## - NOTA GENERAL
Nota general Texto en arabe.
500 ## - NOTA GENERAL
Nota general Indice.
600 04 - PUNTO DE ACCESO ADICIONAL DE MATERIA--NOMBRE DE PERSONA
Nombre de persona Aristóteles-
Subdivisión general Crítica e interpretación.
9 (RLIN) 22862
650 14 - PUNTO DE ACCESO ADICIONAL DE MATERIA--TÉRMINO DE MATERIA
Término de materia o nombre geográfico como elemento de entrada Alma.
9 (RLIN) 9739
700 1# - ENTRADA AGREGADA--NOMBRE PERSONAL
Nombre de persona Gómez Nogales, Salvador.
9 (RLIN) 58077
710 2# - ENTRADA AGREGADA--NOMBRE DE ENTIDAD CORPORATIVA
Nombre de entidad corporativa o nombre de jurisdicción como elemento de entrada Instituto "Miguel Asín"
9 (RLIN) 5132
710 2# - ENTRADA AGREGADA--NOMBRE DE ENTIDAD CORPORATIVA
Nombre de entidad corporativa o nombre de jurisdicción como elemento de entrada Instituto Hispano-Árabe de Cultura.
9 (RLIN) 162165
830 0# - PUNTO DE ACCESO ADICIONAL DE SERIE-TÍTULO UNIFORME
Título uniforme Averrois opera
9 (RLIN) 227793
830 0# - PUNTO DE ACCESO ADICIONAL DE SERIE-TÍTULO UNIFORME
Título uniforme Corpus philosophorum Medii Aevi. A, Series Arabica ;
Designación de volumen o secuencia A 31
9 (RLIN) 227794
852 ## - LOCALIZACIÓN
Ubicación ES-MaACL
Número de control de estantería L-13489
Sublocalización o colección R.116542
Nota libre . - tela
Holdings
Estatus retirado Estado de pérdida Estado de daño No para préstamo Biblioteca de origen Biblioteca actual Ubicación en estantería Fecha de adquisición Fuente de adquisición Total de préstamos Signatura topográfica completa Código de barras Visto por última vez Precio de reemplazo Tipo de ítem Koha
        Biblioteca del Ateneo de Madrid Biblioteca del Ateneo de Madrid Depósito 2 17/01/2008     L-13489 1006468 23/02/2023 23/02/2023 Libro impreso